Histoire grecque (expert) - Statistiques

Statistiques générales
  • Ce quiz a été pris 472 fois
  • Le résultat moyen est 7 sur 45
Statistiques - réponses
Hint Réponse % Correct
Pouvoir du peuple et peuple au pouvoir Démocratie
82%
Place publique (bâtiments publics, marché, lieu de discussion....) Agora
78%
"Le peuple" Démos
59%
Grande Bataille de 490 av. J.-C. entre Perses et Athéniens Marathon
57%
L'aristocratie gouverne, seulement quelques-uns Oligarchie
54%
"Ville haute" Acropole
53%
Souverain perse qui continua la volonté de Darius Ier en Grèce Xerxès
45%
Bataille navale de 480 av. J-C. entre Athéniens et Perses Salamine
44%
Forme de gouvernement : un homme gouverne, arrivé au pouvoir illegalement et qui le garde par la force Tyrannie
44%
Bataille de 480 av. J.-C. entre Spartiates et Perses Thermopyles
41%
L'exces, la démesure Hubris
20%
Fondateur de cette dynastie Pisistrate
16%
Grande réforme de 508/507 av. J.-C., création des dèmes et des trittyes Réformes de Clisthène
15%
Dysnastie de tyran à Athènes entre 561/546 et 510 av. J-C. Pisistratides
11%
Troisième et dernier tyran de la dynastie, chassé d'Athènes en 510 av. J.-C. Hippias
10%
Ligue de cités grecques formée pour lutter contre les Perses Ligue Panhellénique ou Ligue de Corinthe
10%
Bataille de 479 av. J.-C. entre Grecs et Perses Platées
10%
Egale répartition des droits politiques Isonomie
9%
Capitale de la satrapie d'Ionie Sardes
8%
Partie de la cité correspondant au centre-ville Asty
7%
Partie de la cité correspondant au centre-ville Chorâ
7%
Deuxième tyran de la dynastie Hipparque
6%
Impôt que doivent payer les membres de la Ligue de Délos Phoros
5%
La puissance consentie Hegemon
4%
"Habiter ensemble" Synoecisme
4%
Tiran de Milet Aristagoras
3%
Garnisons athéniennes permanentes envoyées dans les cités de la Ligue qui se révoltent Clérouquies
3%
Combattants de cette bataille, honorés par la suite Marathonomaques
3%
Capitales de l'Empire Perse Suse et Persépolis
3%
Bataille de 479 av. J.-C. entre Grecs et Perses, entraine le retrait des Perses de Thrace. Cap Mycale
2%
Culte d'une cité voué à un héros Culte héroïque
2%
Bataille navale de 469 av. J.-C. entre membres de la Ligue de Délos et Perses Eurymédon
2%
-> Zéa
2%
Le triptique institutionnel Assemblée Conseil Magistrats
1%
Les trois ports du Pirée : -> Cantharos
1%
Grand Amiral de Darius Ier Datis
1%
Partie exterieur à la cité correspondant aux confits Eschatiai
1%
Bataille navale de 494 av. J.-C. entre Perses et Athéniens Ladé
1%
-> Mounychie
1%
Les 50 ans, nom donné par Thucydide à la période entre les Guerres Médiques et la Guerre du Pélopponèse Pentekontaetie
1%
Décret de 446 av. J.-C. qui met en place 5 régions pour l'impot de la Ligue. décret de Cleinias
0%
Surveillants mis en place pour empécher les révoltes Episkopoi
0%
Comptables d'Athènes Hellénotames
0%
Traité d'alliance signé par les membres de la Ligue de Délos Summachia
0%
Conseil qui dirige la législation de la Ligue de Délos Synédrion
0%
Aucun quiz correspondant
Distribution des résultats
% des personnes avec chaque résultat
Percentile par nombre de réponses
Votre historique - résultats
Vous n’avez pas pris ce quiz